000 00368nam a2200145Ia 4500
005 20250422014310.0
008 240331s9999 xx 000 0 und d
082 _bSAM
_a200
100 _aSami
245 0 _aKadavular kathaikal
260 _aChennai
_bPeriyar Suyamariyathai pirasar niruvan veliyidu
_c1994
300 _a41 p .,
650 _aShort Stories
942 _cL
999 _c3557
_d3557